[Event "IBCA EU-ch blind 06th"]
[Site "Lyon"]
[Date "2015.08.01"]
[Round "8"]
[White "Hervais, Adrien"]
[Black "Stachanczyk, Jacek"]
[Result "0-1"]
[WhiteElo "2029"]
[BlackElo "2259"]
[PlyCount "52"]
[EventDate "2015.07.25"]
[EventType "swiss"]
[EventRounds "9"]
[EventCountry "FRA"]
[SourceTitle "CBM 167 Extra"]
[Source "ChessBase"]
[SourceDate "2015.09.14"]
[SourceVersion "1"]
[SourceVersionDate "2015.09.14"]
[SourceQuality "1"]

1. e4 c5 2. Nf3 d6 3. Bb5+ Bd7 4. Bxd7+ Nxd7 5. 0-0 Ngf6 6. Re1 g6 7. c3 Bg7 8. d4 0-0 9. e5 dxe5 10. dxe5 Ng4 11. e6 Nde5 12. Nxe5 Nxe5 13. Be3 Nd3 14. Re2 Nxb2 15. exf7+ Rxf7 16. Qc2 Qd1+ 17. Qxd1 Nxd1 18. Bxc5 b6 19. Bd4 e5 20. Be3 Raf8 21. Na3 Nxc3 22. Rd2 Rc7 23. Rc1 Rfc8 24. Kf1 Bf8 25. Nb1 Ne4 26. Rxc7 Nxd2+ 0-1

[Event "FRA-ch 31th blind"]
[Site "Sautron"]
[Date "2015.05.16"]
[Round "6"]
[White "Hervais, Adrien"]
[Black "Ababsa, Tufek"]
[Result "1/2-1/2"]
[WhiteElo "2041"]
[BlackElo "1725"]
[PlyCount "127"]
[EventDate "2015.04.13"]
[EventType "swiss"]
[EventRounds "7"]
[EventCountry "FRA"]
[SourceTitle "EXT 2016"]
[Source "ChessBase"]
[SourceDate "2015.10.08"]
[SourceVersion "1"]
[SourceVersionDate "2015.10.08"]
[SourceQuality "1"]

1. e4 e6 2. d4 d5 3. Nd2 dxe4 4. Nxe4 Nf6 5. Bd3 Nbd7 6. Nf3 Be7 7. c3 Nxe4 8. Bxe4 Nf6 9. Bc2 0-0 10. Qd3 g6 11. h4 Qd5 12. Bh6 Rd8 13. h5 e5 14. hxg6 hxg6 15. Nxe5 Bf5 16. Qe2 Bxc2 17. Qxc2 Qxg2 18. 0-0-0 Qe4 19. Qd2 c5 20. f3 Qf5 21. Be3 cxd4 22. Bxd4 Nh5 23. Rdg1 Bf6 24. Ng4 Bg5 25. Nh6+ Bxh6 26. Qxh6 Rxd4 27. Rxh5 Qf4+ 28. Kb1 Qxh6 29. Rxh6 Rf4 30. Rh3 Kg7 31. Rd1 b5 32. Rd5 b4 33. cxb4 Rxb4 34. Rh2 Rf4 35. Rd3 a5 36. Re2 Ra6 37. Re5 a4 38. a3 Rb6 39. Ree3 Rbf6 40. Kc2 g5 41. Re5 Rc6+ 42. Kb1 f6 43. Re7+ Kg6 44. Ra7 Re6 45. b4 axb3 46. Rc7 Re1+ 47. Kb2 Rf1 48. Rcc3 Kh5 49. Kxb3 Kh4 50. a4 Rf5 51. Kb4 Rh1 52. a5 Kg3 53. a6 Rh7 54. Ra3 Ra7 55. Rdc3 Re5 56. Rc6 f5 57. Rc5 Rxc5 58. Kxc5 Rxa6 59. Rxa6 Kxf3 60. Rg6 g4 61. Kd4 Kf4 62. Kd3 Kg3 63. Ke2 f4 64. Kf1 1/2-1/2

[Event "Le Touquet op 22nd"]
[Site "Le Touquet"]
[Date "2007.10.28"]
[Round "2"]
[White "Hervais, Adrien"]
[Black "Maes, Wim"]
[Result "0-1"]
[WhiteElo "2076"]
[BlackElo "2314"]
[PlyCount "68"]
[EventDate "2007.10.27"]
[EventType "swiss"]
[EventRounds "9"]
[EventCountry "FRA"]
[SourceTitle "EXT 2008"]
[Source "ChessBase"]
[SourceDate "2007.11.25"]
[SourceVersion "1"]
[SourceVersionDate "2007.11.25"]
[SourceQuality "1"]

1. e4 c5 2. Nf3 e6 3. d3 Nc6 4. Nbd2 g6 5. g3 Bg7 6. Bg2 Nge7 7. 0-0 0-0 8. a4 d6 9. Re1 e5 10. Nc4 h6 11. Ne3 f5 12. exf5 gxf5 13. Nh4 Be6 14. c4 Qd7 15. f4 Nd4 16. Rb1 Rad8 17. b4 exf4 18. bxc5 fxe3 19. Rxb7 Qe8 20. cxd6 Rxd6 21. Ba3 Rd7 22. Bxe7 Rxe7 23. Rxe7 Qxe7 24. Ng6 Qc5 25. Nxf8 e2 26. Rxe2 Nxe2+ 27. Kf1 Nxg3+ 28. hxg3 Kxf8 29. Qb1 Be5 30. Qe1 Qd4 31. Qd2 Kg7 32. Qe2 Bxg3 33. Qf3 Qa1+ 34. Ke2 Qe1# 0-1

[Event "Cannes op"]
[Site "Cannes"]
[Date "2007.02.25"]
[Round "9"]
[White "Brongers, Henk"]
[Black "Hervais, Adrien"]
[Result "1/2-1/2"]
[WhiteElo "1969"]
[BlackElo "2071"]
[PlyCount "95"]
[EventDate "2007.02.18"]
[EventType "swiss"]
[EventRounds "9"]
[EventCountry "FRA"]
[SourceTitle "CBM 116 Extra"]
[Source "ChessBase"]
[SourceDate "2007.03.07"]
[SourceVersion "1"]
[SourceVersionDate "2007.03.07"]
[SourceQuality "1"]

1. e4 e5 2. Bc4 Nf6 3. d4 Nc6 4. Nf3 exd4 5. e5 Ne4 6. Bd5 Nc5 7. Nxd4 Nxd4 8. Qxd4 c6 9. Bc4 d5 10. Be2 Ne6 11. Qd3 Bc5 12. Nd2 Nd4 13. Bd1 Qe7 14. Qg3 f6 15. 0-0 fxe5 16. c4 0-0 17. cxd5 cxd5 18. Nb3 Nf5 19. Qd3 Be6 20. Qc3 Bd6 21. g3 Rac8 22. Qe1 Bd7 23. Qa5 Bc6 24. a3 b6 25. Qd2 d4 26. Qg5 Qf7 27. Nd2 Bd5 28. Bf3 h6 29. Bxd5 Qxd5 30. Qg4 Be7 31. b3 Nd6 32. Nc4 Nxc4 33. bxc4 Qd6 34. Bd2 Rxc4 35. Bb4 Qf6 36. Qe4 Bxb4 37. axb4 Rxb4 38. Rxa7 Rb2 39. f4 Qe6 40. f5 Qd6 41. f6 Rxf6 42. Ra8+ Kf7 43. Qb7+ Qe7 44. Qd5+ Kg6 45. Qe4+ Kf7 46. Qd5+ Kg6 47. Qe4+ Kf7 48. Qd5+ 1/2-1/2

[Event "Cannes op"]
[Site "Cannes"]
[Date "2007.02.20"]
[Round "3"]
[White "Dimitrov, Christo"]
[Black "Hervais, Adrien"]
[Result "0-1"]
[WhiteElo "2299"]
[BlackElo "2071"]
[PlyCount "45"]
[EventDate "2007.02.18"]
[EventType "swiss"]
[EventRounds "9"]
[EventCountry "FRA"]
[SourceTitle "CBM 116 Extra"]
[Source "ChessBase"]
[SourceDate "2007.03.07"]
[SourceVersion "1"]
[SourceVersionDate "2007.03.07"]
[SourceQuality "1"]

1. e4 e5 2. Bc4 Nf6 3. d3 c6 4. Nf3 d5 5. Bb3 Bd6 6. Nc3 dxe4 7. Ng5 0-0 8. Ncxe4 Be7 9. Nxf6+ Bxf6 10. h4 Na6 11. Qh5 Bxg5 12. hxg5 Bf5 13. Be3 Nb4 14. Rh4 Nd5 15. 0-0-0 Qd6 16. Rdh1 Nxe3 17. fxe3 Bg6 18. Qg4 Rfd8 19. e4 Qd7 20. Rxh7 Bxh7 21. Qh5 Kf8 22. Rf1 Bg8 23. g6 0-1

[Event "Rochefort op 3rd"]
[Site "Rochefort"]
[Date "2004.02.24"]
[Round "5"]
[White "Hervais, Adrien"]
[Black "Pytel, Krzysztof"]
[Result "0-1"]
[WhiteElo "2057"]
[BlackElo "2400"]
[PlyCount "80"]
[EventDate "2004.02.21"]
[EventType "swiss"]
[EventRounds "7"]
[EventCountry "FRA"]
[SourceTitle "EXT 2005"]
[Source "ChessBase"]
[SourceDate "2004.11.15"]
[SourceVersion "1"]
[SourceVersionDate "2004.11.15"]
[SourceQuality "1"]

1. e4 d6 2. d4 Nf6 3. Nc3 Nbd7 4. Nf3 e5 5. Bg5 Be7 6. Bc4 c6 7. a4 0-0 8. 0-0 a5 9. h3 Re8 10. dxe5 dxe5 11. Be3 Qc7 12. Qe2 h6 13. Rfd1 b6 14. Nh4 Nc5 15. Qf3 Ne6 16. Nf5 Ng5 17. Nxe7+ Qxe7 18. Qg3 Nh5 19. Bxg5 hxg5 20. Qd3 g4 21. Qd6 gxh3 22. Qxe7 Rxe7 23. Rd8+ Kh7 24. gxh3 Nf4 25. Bf1 Rea7 26. Rad1 Bxh3 27. Bxh3 Nxh3+ 28. Kg2 Nf4+ 29. Kf3 Rxd8 30. Rxd8 Rb7 31. Rc8 Ne6 32. Ne2 b5 33. Rxc6 bxa4 34. Ra6 Rb5 35. Nc3 Rxb2 36. Nxa4 Rxc2 37. Rxa5 Ra2 38. Ra8 Ng5+ 39. Ke3 Ra3+ 40. Ke2 Nxe4 0-1

[Event "IBCA Wch blind 09th"]
[Site "Brno"]
[Date "1998.07.11"]
[Round "8"]
[White "Dobierzin, Olaf"]
[Black "Hervais, Adrien"]
[Result "1/2-1/2"]
[WhiteElo "2170"]
[BlackElo "2025"]
[PlyCount "42"]
[EventDate "1998.07.04"]
[EventType "swiss"]
[EventRounds "9"]
[EventCountry "CZE"]
[SourceTitle "EXT 1999"]
[Source "ChessBase"]
[SourceDate "1998.11.16"]
[SourceVersion "1"]
[SourceVersionDate "1998.11.16"]
[SourceQuality "1"]

1. e4 e5 2. Nf3 Nf6 3. Nc3 Bb4 4. Nxe5 Bxc3 5. dxc3 0-0 6. Be2 Re8 7. Nd3 Nxe4 8. Nf4 c6 9. c4 d6 10. 0-0 Nd7 11. Bf3 Ndc5 12. Be3 Qf6 13. Nh5 Qf5 14. Qd4 f6 15. Rad1 Be6 16. b4 Na4 17. Qxe4 Qxe4 18. Bxe4 Nc3 19. Bf3 Nxd1 20. Rxd1 Bxc4 21. Rxd6 Rad8 1/2-1/2

[Event "FRA-ch U18"]
[Site "Montlucon"]
[Date "1997.??.??"]
[Round "2"]
[White "Hervais, Adrien"]
[Black "Benitah, Yohan"]
[Result "0-1"]
[WhiteElo "2075"]
[BlackElo "2285"]
[PlyCount "86"]
[EventDate "1997.??.??"]
[EventType "swiss"]
[EventRounds "8"]
[EventCountry "FRA"]
[SourceTitle "EXT 2001"]
[Source "ChessBase"]
[SourceDate "2000.11.22"]
[SourceVersion "1"]
[SourceVersionDate "2000.11.22"]
[SourceQuality "1"]

1. e4 e6 2. d3 d5 3. Nd2 c5 4. Ngf3 Nc6 5. g3 g6 6. Bg2 Bg7 7. 0-0 Nge7 8. Re1 0-0 9. exd5 exd5 10. c3 Bf5 11. Nb3 d4 12. c4 b6 13. Bf4 Rc8 14. Nc1 h6 15. Ne5 g5 16. Nxc6 Nxc6 17. Bd2 Qd7 18. Re2 Ne5 19. f3 Nxd3 20. Bxg5 Nxb2 21. Rxb2 hxg5 22. Nd3 Qe6 23. Rc1 Qe3+ 24. Nf2 Rfe8 25. Bf1 Qa3 26. Rd2 Re3 27. Bd3 Bxd3 28. Nxd3 b5 29. Rcc2 a6 30. Rc1 Rc7 31. Kf2 Qa5 32. Rcc2 Qb6 33. Re2 Qe6 34. cxb5 c4 35. Ne1 axb5 36. Ng2 Rxe2+ 37. Rxe2 Qd7 38. Qe1 d3 39. Re4 d2 40. Qd1 c3 41. Ne3 c2 42. Nxc2 Rxc2 43. Qxc2 d1Q 0-1